000 00246nam a22000977a 4500
999 _c516021
_d516021
100 _aChand Ramesh
_922312
245 _aIndia's agricultural challenges
260 _aNew Delhi
_bCentad
_c2005
300 _a257p.
600 _aAgricultural policy
_922313